Bayern Monachium - prawda czy fałsz? - Statystyki

Ogólne statystyki
  • Ten quiz został rozwiązany 245 razy
  • Średni wynik to 10 z 15
Statystyki odpowiedzi
Zagadnienie Odpowiedź % Poprawnych
Gra na Allianz Arenie Prawda
100%
Maskotką Bayernu jest Kieliszek Piwa Fałsz
92%
Carlo Ancelotti był trenerem Bayernu Prawda
87%
Thomas Müller jest kapitanem Fałsz
84%
Bayern jest 3 najbardziej utytułowanym klubem Ligi Mistrzów Prawda
83%
Powstał w 1900 roku Prawda
74%
Wygrał ponad połowę sezonów Bundesligi Prawda
66%
Bayern nigdy nie posiadał kapitana który nie był Niemcem Fałsz
63%
Bayern przez ostatnie 10 sezonów posiadał króla strzelców Fałsz
59%
Grał w wszystkich sezonach Bundesligi Fałsz
49%
Franz Beckenbauer i Gerd Müller pochodzą z tego samego rocznika Prawda
49%
Trenerem jest Thomas Tuchel Fałsz
48%
W Bayernie grał inny Polak niż Robert Lewandowski Prawda
48%
Bayern w każdym sezonie w XXI wieku był zawsze na podium Fałsz
33%
Thomas Müller jest zawodnikiem który rozegrał najwięcej meczów dla Bayernu Fałsz
28%
Nie znaleziono quizów pasujących do podanych kryteriów
Rozkład punktacji
Procent ludzi z każdym wynikiem
Percentyl według liczby udzielonych odpowiedzi
Twoja historia wyników
Nie rozwiązałeś tego quizu